[Event "46th GM 2018"]
[Site "Dortmund GER"]
[Date "2018.07.22"]
[Round "7.4"]
[White "Nepomniachtchi, Ian"]
[Black "Meier, Georg"]
[Result "1-0"]
[WhiteElo "2757"]
[BlackElo "2628"]
[EventDate "2018.07.14"]
[Annotator "Bojkov,Dejan"]
[PlyCount "53"]
[Beauty "8247545176118"]
[EventType "swiss"]
[EventRounds "7"]
[EventCountry "GER"]

1.e4 e6 2.d4 d5 3.Nc3 dxe4 {No surprises. Meier remains true to his beloved Rubinstein French.} 4.Nxe4 Nd7 5.Nf3 Ngf6 6.Nxf6+ Nxf6 7.Ne5 Bd6 ( {In recent blitz games the German GM also tried} 7...Nd7 8.Bf4 Nxe5 9.Bxe5 f6 {but this led to a risk-free advantage for the first player after} 10.Bg3 ( 10.Bf4 c5 11.dxc5 Qxd1+ 12.Rxd1 Bxc5 13.Bc4 e5 14.Bd2 Ke7 {Karjakin,S (2783) -Meier,G (2630) chess.com INT 2017} ) 10...c5 11.Bc4 cxd4 12.O-O Bd6 {Dominguez Perez, L (2739)-Meier,G (2628) chess.com INT 2018} 13.Re1 Bxg3 14.hxg3 O-O 15.Re4 Kh8 16.Rxd4 {Dominguez Perez,L (2739)-Meier,G (2628) chess. com INT 2018} ) 8.Bg5 ( 8.Qf3 c5 9.Bb5+ Ke7 10.O-O cxd4 11.Bf4 g5 12.Bg3 h5 13.h3 g4 14.hxg4 hxg4 15.Qf4 Rh5 {Dominguez Perez,L (2739) -Meier,G (2628) chess.com INT 2018} ) 8...h6 9.Bh4 O-O 10.Bd3 c5 11.Qe2 {A novelty. White improves on a game which actually saw a blunder.} ( {After:} 11.Nc4 g5 {White was already losing material:} 12.Nxd6 Qxd6 13.dxc5 $2 ( {Better was} 13.Bg3 Qxd4 ) 13...Qe5+ 14.Qe2 Qxe2+ 15.Kxe2 gxh4 {and Black went on to win in Fuss,J (1688)-Pieczka,R (1922) Germany 2012} ) 11...Qa5+ {The most forcing move.} ( {Perhaps Black will test} 11...cxd4 12.O-O-O {in the future.} ) 12.c3 cxd4 13.Nc4 ( {White could have also started with} 13.Bxf6 gxf6 14.Nc4 {Then if} 14...Qd5 ( 14...Qc5 15.Qg4+ {transposes into the game.} ) 15.Be4 Qc5 16.Nxd6 Qxd6 17.Qg4+ Kh8 18.Qh4 Kg7 {White can continue the attack with either} 19.O-O-O ( {Or} 19.Rd1 ) ) 13...Qc5 ( 13...Qd5 {might transpose to the line from above.} ) 14.Bxf6 gxf6 15.Qg4+ {transposes into the game.} 15...Kh8 16.cxd4 {All of this is pretty forced and I suspect that both players had it on their home computers.} ( {Also interesting looks} 16.Qh4 Kg7 17.cxd4 Qb4+ 18.Ke2 ) 16...Qb4+ 17.Kf1 $1 {An important move. The king stays away from the black queen.} ( 17.Ke2 {looks more logical. However, the concrete lines after:} 17...Bc7 18.Qe4 f5 19.Qh4 Kh7 20.g4 b5 21.g5 bxc4 ( 21...Bf4 $5 {mgith actually be even better.} ) 22.Qxh6+ Kg8 23.g6 Qxb2+ $1 {Lead only to perpetual. For example:} 24.Bc2 ( {Or} 24.Kf1 Qxa1+ 25.Kg2 Qxh1+ 26.Kxh1 Bb7+ 27.Kg1 fxg6 28.Qxg6+ {and White has to do the perpetual.} ) 24...Qxc2+ 25.Kf1 Qd3+ 26.Kg1 ( 26.Ke1 $4 Ba5+ ) ( 26.Kg2 Qe4+ 27.f3 ( 27.Kh3 $4 Qg4# ) 27...Qe2+ 28.Kg1 fxg6 {leads to the same.} ) 26...fxg6 27.Qxg6+ {and again White needs to accept the draw as he cannot use the g-file for his rook.} ) 17...Bc7 18.Qe4 $1 {Another important move which drags the pawn on a vulnerable position.} ( 18.Qh4 Kg7 ) 18...f5 19.Qh4 Kg7 {After this move the computers immediately go bananas, claiming win for White.} ( {However, even after the most precise} 19...Kh7 20.g4 b5 ( {If} 20...Rg8 21.gxf5 exf5 22.Qf6 {looks good for White.} ) 21.g5 {with the cunning idea} 21...Rh8 $1 ( {Not} 21...bxc4 22.Qxh6+ Kg8 23.g6 fxg6 24.Qxg6+ Kh8 25.Rg1 $1 {with unavoidable mate.} ) 22.Rg1 $3 {White keeps a strong attack. Say} ( {Not} 22.Qxh6+ Kg8 23.Qf6 Qf8 {and Black defends with good position.} ) 22...h5 23.g6+ $1 fxg6 24.Be2 bxc4 ( {Better is} 24...Bd8 {although White keeps strong attack after} 25.Qg3 g5 ( {If} 25...Rg8 26.Ne5 Qxd4 27.Nxg6 Qg7 28.Qf3 Bb7 29.Nf8+ Qxf8 30.Qxh5+ Qh6 31.Qxh6+ Kxh6 32.Rxg8 {with solid extra exchange for White.} ) 26.Ne5 Bb7 27.Nf7 Qe7 ( {Or} 27...Rg8 28.Nxd8 Raxd8 29.Qc7+ Kh6 30.Qxb7 ) 28.Bxh5 {the weak black king is the key factor of the position.} ) 25.Bxh5 $1 {and mate comes soon.} ) 20.g4 {Opens the files for the major pieces. The attack is unstoppable.} 20...f4 ( 20...fxg4 {leads to forced mate after} 21.Qxg4+ Kf6 22.Qh4+ Kg7 23.Rg1+ ) ( {The preliminary} 20...Bd8 {does not change much} 21.Qh5 Qe7 22.h4 Qf6 23.Ne5 fxg4 24.Qxg4+ Kh8 25.Rg1 {with winning attack.} ) 21.Rg1 Bd7 ( {Here} 21...Rh8 {is not as convincing as before due to} 22.Qh5 $1 ( {But not} 22.g5 h5 $1 ) 22...b6 23.g5 Ba6 24.Rc1 {The attack will soon decide.} ) 22.Qh5 $1 {The final touch, which secures the opening of the g-file.} ( 22.g5 $2 h5 $1 {would have been awkward for White.} ) 22...Rh8 ( 22...f6 23.Qg6+ Kh8 24.Qh7# ) 23.g5 hxg5 24.Qxg5+ Kf8 25.Qf6 Rxh2 ( {Or} 25...Rh3 26.Rg7 Qe7 27.Rg8+ {picking up the queen.} ) 26.Rg7 Be8 27.Bh7 ( 27.Bh7 {Meier resigned due to} 27...Rh1+ 28.Kg2 Bc6+ 29.f3 {The end of the fast and furious attack. Excellent preparation by Nepomniachtchi!} ) 1-0

[Event "51st GM 2018"]
[Site "Biel SUI"]
[Date "2018.08.01"]
[Round "10.2"]
[White "Carlsen, Magnus"]
[Black "Georgiadis, Nico"]
[Result "1-0"]
[WhiteElo "2842"]
[BlackElo "2526"]
[EventDate "2018.07.22"]
[Annotator "Bojkov,Dejan"]
[PlyCount "97"]
[Beauty "7079045630985"]
[EventType "swiss"]
[EventRounds "10"]
[EventCountry "SUI"]

1.e4 c5 2.Na3 {Obviously trying to get his opponent as quickly as possible out of book. Carlsen had never tried this before, at least according to Megabase.} ( {True, in a blitz game he had put something on a3:} 2.a3 Nc6 3.b4 cxb4 4.axb4 Nxb4 5.d4 d5 6.c3 Nc6 7.exd5 Qxd5 8.Na3 Bf5 9.Nb5 {in Carlsen,M (2837)-Inarkiev,E (2689) Riadh 2017} ) 2...g6 3.Nf3 Bg7 4.c3 d5 5.exd5 Qxd5 6.Bc4 Qe4+ 7.Kf1 Be6 {Georgiadis turned out to be well prepared here as well and quickly equalized.} 8.Qa4+ {A novelty.} ( {A predecessor saw:} 8.Bb5+ Bd7 9.d4 Nf6 10.Bd3 Qd5 11.Bc4 Qh5 12.Nb5 Na6 13.Be3 cxd4 14.Nfxd4 {but Black was doing well here too, Meister,J (2517) -Friedrich,W (2253) Berlin 2013} ) 8...Nd7 9.d4 Nf6 10.Bg5 ( {After} 10.dxc5 O-O 11.Be3 {Black has a choice between} 11...Rad8 {fighting for the initiative.} ( {Or} 11...Rac8 {in order to return the pawn. For example} 12.Re1 Bxc4+ 13.Nxc4 Qd3+ 14.Kg1 Ne4 {and Black seems perfectly fine.} ) ) 10...Bxc4+ 11.Qxc4 Qd5 {Playing it safe.} ( {Instead the natural} 11...O-O {was leading to a more complex game. White can win a pawn with:} 12.Re1 Qf5 13.Rxe7 $6 {but that allows Black too much and} 13...Nd5 14.Re1 cxd4 15.cxd4 Rfe8 {gives him plenty for a pawn.} ) 12.Re1 e6 {An accurate move.} ( {White would get a tiny little bit of an advantage after} 12...Qxc4+ 13.Nxc4 cxd4 14.Nxd4 Nd5 15.Ne3 ) 13.Bxf6 Nxf6 14.Qb5+ ( {Perhaps} 14.dxc5 {was a better try, for example} 14...Rc8 15.Re5 Qd7 16.g3 O-O 17.Kg2 {although the white knight on a3 is still somewhat awkwardly placed.} ) 14...Nd7 ( {Not} 14...Qd7 $2 15.Qxc5 ) 15.Ne5 a6 {Once again very solid play.} ( {Although Georgiadis could have snatched the knight at once:} 15...Bxe5 $1 {If now} 16.Rxe5 ( {And risked to grab a pawn with} 16.dxe5 Qxa2 17.Rd1 O-O-O {as} 18.Nc4 {is strongly met with} 18...Nxe5 $1 19.Qxc5+ ( 19.Rxd8+ Rxd8 20.Nxe5 $4 Qb1+ 21.Ke2 Qe4+ 22.Kf1 Rd1# ) 19...Nc6 20.Nd6+ Kb8 {where Black should stop the initiative with accurate play. White's problem is that he cannot use his kingside rook.} ) 16...a6 $1 17.Rxd5 axb5 18.Rg5 b4 $1 {where the black pieces are better prepared for the opening of the game.} ) 16.Qc4 ( {The world champion avoids} 16.Qxd7+ Qxd7 17.Nxd7 Kxd7 18.Nc4 Kc6 {with equality.} ) 16...Nxe5 ( {The other capture was also OK-} 16...Bxe5 17.dxe5 Qxc4+ 18.Nxc4 {since after} 18...b5 {White cannot hold his knight on the central outpost} 19.Nd6+ Ke7 {because of the threat Nd7xe5!} ) 17.dxe5 Rd8 18.Qxd5 Rxd5 19.f4 {An endgame emerged where the bishop on g7 does not seem great. Georgiadis however makes sure this is not the case.} 19...g5 $1 ( {Also good was} 19...Ke7 20.Nc4 b5 21.Nd6 g5 $1 ) 20.fxg5 Ke7 {The black pieces are much better prepared for the battle. Georgiadis plays for a win.} ( {Weaker was} 20...Rxe5 21.Rxe5 Bxe5 22.Nc4 Bf4 23.h4 Ke7 24.Ke2 {with equality.} ) 21.h4 Rxe5 ( {It also made sense to postpone the capture for a move:} 21...b5 $5 22.Rh3 Rxe5 23.Rxe5 Bxe5 {with slight advantage for Black.} ) 22.Rxe5 Bxe5 23.Ke2 b5 24.Nc2 Rd8 ( 24...f6 $5 ) 25.Ne1 c4 $1 {Black has posted all his pawns correctly on the light squares. Thus, they are not obstructing his bishop and they help it restrict the white knight. The b5-b4 break is always in the air.} 26.Nf3 Bg7 27.Nd2 h6 {Once again playing for a win.} ( {If he wanted a draw, Black could have chosen say} 27...Rd3 28.a4 Rg3 29.Kf2 Rd3 ) 28.Ne4 {The world champion is also trying his best.} ( {Instead} 28.a4 hxg5 29.hxg5 Rd5 30.axb5 axb5 31.Ne4 b4 {would have seen everything disappearing with a draw.} ) 28...hxg5 29.hxg5 Rd5 30.a3 a5 31.Re1 Be5 $1 {Open the road for the black king. It is heading to g6. Once it gets there, the g5 pawn will suffer.} ( {It does not make much sense to open the queenside with} 31...b4 {After} 32.axb4 axb4 {Black will be happy to see} 33.cxb4 $2 ( {However} 33.Ra1 {would cause problems along the open file. Ironically, the pawn which is in danger is the one on c4. For example} 33...bxc3 34.bxc3 Re5 35.Ra7+ Kf8 36.Kf3 Rf5+ 37.Kg4 Be5 38.g3 Kg7 39.Ra4 Rf1 40.Rxc4 ) 33...Bxb2 ) 32.g3 Kf8 33.Kf3 Kg7 34.Kg4 Kg6 {Black threatens Be5-c7-d8 to win the pawn, therefore the next move is forced.} 35.Rf1 {But now the rook is busy and Black can revert back to the b5-b4 breakthrough idea.} 35...Rd3 ( {Perhaps the immediate} 35...b4 36.axb4 axb4 37.Rf3 Rd1 {was better, with chances for a win.} ) ( {Here} 35...Bc7 {is met with} 36.Rf6+ Kg7 37.g6 $1 ) 36.Rf3 Rd1 37.Rf2 Rd5 ( {The other option was the rook endgame after} 37...Re1 38.Nf6 Re3 39.Nh5 Re4+ 40.Nf4+ Bxf4 41.gxf4 e5 42.Rf1 {Then Black can win a pawn with} 42...a4 ( 42...exf4 43.Rxf4 Re2 44.Rf6+ Kg7 45.a4 $1 ) 43.Rf2 exf4 44.Rd2 f3+ 45.Kxf3 Re5 {but I am not sure how good his winning chances are.} ) 38.Nd2 {Carlsen changes the position of his knight and finally gets some relief for his g5 pawn.} 38...Bc7 39.Nf3 Bd8 40.Nh4+ Kg7 {would have split the point.} 41.Nf3 Bb6 {Once again trying to beat the champion!} 42.Re2 Bc7 43.Re4 Bd6 ( {Safer was to allow the trade allong the fifth rank with} 43...Bb6 {Then} 44.Re5 Rxe5 45.Nxe5 Be3 {preserves winning chances for Black. For example:} 46.a4 ( {Or} 46.Nc6 a4 47.Kf3 Bxg5 48.Nd4 Bc1 49.Nxb5 Bxb2 50.Ke3 ) 46...bxa4 47.Nxc4 Bc1 48.Nb6 Bxb2 49.Nxa4 Bc1 ) 44.Rd4 $1 {Finally, White manages to get rid of the active black rook. He is more or less safe now.} 44...Rxd4+ 45.Nxd4 b4 46.a4 ( 46.axb4 {would be a draw after} 46...axb4 47.cxb4 Bxb4 48.Nf3 Ba5 49.Ne5 c3 50.bxc3 Bxc3 ) 46...b3 $4 {An tragic finish of an excellent game.} ( {Georgiadis could have made a draw with either} 46...bxc3 47.bxc3 Bc7 ) ( {Or} 46...Bc7 47.Nf3 Bd6 48.Nd2 bxc3 49.bxc3 Be5 50.Nxc4 Bxc3 ) 47.Nf3 {Now he loses both his pawns on the light squares.} 47...Ba3 {would promote his b-pawn. But this is not the case-} ( {If} 47...Kg6 48.Nd2 Bc7 49.Nxc4 Bd8 50.Ne5+ {is most accurate} ( {Or} 50.Nd2 Bxg5 51.Nxb3 ) 50...Kg7 51.Kh5 {and White should win.} ) 48.bxa3 b2 49.Nd2 1-0

[Event "Chess.com International"]
[Site "Isle of Man"]
[Date "2018.10.25"]
[Round "6.2"]
[White "Nakamura, Hikaru"]
[Black "Gupta, Abhijeet"]
[Result "1-0"]
[WhiteElo "2763"]
[BlackElo "2588"]
[EventDate "2018.??.??"]
[Annotator "Bojkov,Dejan"]
[PlyCount "55"]
[Beauty "8249961094679"]
[EventType "team-tourn"]
[EventCountry "IOM"]

1.c4 Nf6 2.Nc3 e5 3.Nf3 Nc6 4.g3 Bb4 {The reversed Rossolimo line.} 5.Bg2 O-O 6.O-O d6 7.d3 h6 ( {Duda chose a different path against Kramnik:} 7...Bxc3 8.bxc3 e4 9.Nd4 exd3 10.exd3 Nxd4 11.cxd4 d5 12.Bg5 c6 13.cxd5 cxd5 14.Qb3 {but could not quite equalize, Kramnik,V (2792)-Duda,J (2737) Dortmund 2018. We analyzed this game for the chess.com members.} ) 8.Na4 Bc5 {Most likely not the best.} ( 8...Ba5 {was tried by Short once.} ) ( {Whereas Nakamura himself (as well as other top players like Topalov, Eljanov, etc.) preferred to defend with:} 8...a5 9.b3 Re8 10.Bb2 Bf5 11.e3 Qe7 12.a3 Bc5 13.Nc3 Qd7 14.Nd5 Nxd5 15.cxd5 Ne7 {and later held on his own, Svidler,P (2757) -Nakamura,H (2790) Moscow 2016} ) 9.Nxe5 $1 {An over-the-board novelty, although this has already been seen in an email game. White gets the bishop pair and secures some advantage.} ( {Previously moves like} 9.e3 {were played, and after} 9...a6 10.b3 Ba7 11.Bb2 Re8 12.Nc3 Be6 13.h3 d5 14.e4 dxe4 15.dxe4 Bd7 {and Black had no problems in Kravtsiv,M (2576)-Kryvoruchko,Y (2671) Al Ain 2014} ) 9...Nxe5 ( {Or} 9...Bxf2+ 10.Rxf2 dxe5 11.h3 {with slight advantage for White.} ) 10.d4 Bxd4 ( {Similar is} 10...Bb6 11.dxe5 dxe5 {when White has a choice between} 12.Nxb6 ( {And} 12.Qc2 $5 ) 12...axb6 13.b3 ) 11.Qxd4 Nc6 $146 {Technically speaking, this is the novelty.} ( {Black could not solve all his problems in the email predecessor:} 11...Re8 12.b3 Nc6 13.Qd3 Bg4 14.Re1 Bh5 15.Bb2 {Szczepanski,Z (2523)-Buzas,G (2347) LSS email 2009} ) ( {Interesting was:} 11...Bg4 $5 {when White should avoid} 12.Bxb7 $2 ( {But should prefer instead} 12.Re1 $5 ) ( {Or like in the game:} 12.f3 $5 ) 12...Bxe2 13.Re1 c6 $1 {and it is Black who is on top.} ) 12.Qd2 Bf5 13.b3 {The bishops will be perfect on the long diagonals.} 13...Re8 14.f3 {Getting ready to seize the center.} 14...a6 $1 {Gupta is a very active player and would not miss a chance to play actively. The b7-b5 advance is in fact a fight for the center as well, as the c4 pawn is cleared and then the black central one can occupy it.} ( {There was also} 14...Qd7 {but the trade of the light squared bishops makes little sense here as almost all the white pawns are on light squares-} 15.Bb2 Ne5 16.e4 Bh3 17.Rad1 ) ( {Black can also try something like} 14...a5 15.Nc3 Nd7 {followed by Nd7-c5, but this can hardly suffice for the equality.} ) 15.Nc3 b5 {The point.} ( {There is no time to prepare this advance:} 15...Rb8 16.e4 ( {Or} 16.Bb2 b5 17.e4 Bg6 18.Nd5 {with similar consequences} ) 16...Be6 17.Nd5 b5 18.Bb2 {and White enjoys stable advantage.} ) 16.cxb5 axb5 17.Nxb5 {Nakamura grabs the pawn.} 17...Qb8 18.Nc3 d5 {This is what the pawn was sacrificed for. Gupta wants to expel the white pieces and seize space.} ( {The play for tricks with} 18...Qb6+ 19.Rf2 Ne5 20.e4 Bh3 {is easily repelled with either} 21.Qe3 ( {Or} 21.Bb2 ) ( {But certainly not} 21.Bxh3 $4 Nxf3+ ) ) 19.Bb2 {The second pawn is rejected by the American GM.} ( {It could have been taken though.Then} 19.Nxd5 Nxd5 20.Qxd5 Qb6+ 21.Kh1 Qd4 $5 {would lead to an endgame where all the queenside pawns disappear after} 22.Qxd4 Nxd4 23.e4 Be6 24.Bf4 Nc2 25.Rac1 Rxa2 26.Rf2 Bxb3 27.Bxc7 {White is still ahead, but since the remaining pawns are on the same flank his win is not certain.} ) 19...Qa7+ {Gupta is correctly attracted by the e3 square, but places the wrong piece there.} ( {Better was:} 19...d4 $1 20.Na4 Qb5 21.Rfe1 Nd5 22.Bxd4 ( 22.Rac1 Ne3 {is similar.} ) 22...Nxd4 23.Qxd4 Ne3 {with full compensation for a pawn.} ) 20.Kh1 Qe3 21.Rfd1 ( {Avoiding} 21.Rad1 d4 ) ( {And} 21.Qxe3 Rxe3 22.Rac1 d4 23.Na4 Nb4 {since the black pieces become too active here.} ) 21...Qf2 {The queen keeps moving into the wrong direction.} ( {The last chance was:} 21...d4 22.Nb5 Nd5 23.Nxd4 Nxd4 24.Bxd4 Qxe2 {When White has a pleasant choice between the tactical:} 25.Bxg7 $5 ( {And the positional} 25.f4 $5 {with an extra pawn in either case.} ) 25...Qxd2 26.Rxd2 Kxg7 27.Rxd5 Bc2 28.b4 Rxa2 29.Rxa2 Bb3 30.Rc5 Bxa2 31.Bf1 {with a solid extra pawn, but chances for Black to survive.} ( {Of course not} 31.Rxc7 $4 Re1+ ) ) 22.Re1 Nb4 {Gupta created serious threats, but Nakamura is faster.} 23.Nb5 $1 {The threat is to trap the queen with Bb2-d4.} 23...Nc2 24.Bd4 Ne3 ( {Or} 24...Nxd4 25.Nxd4 Bd7 26.Rf1 Qe3 27.Qxe3 Rxe3 28.Rfc1 {with won endgame for White.} ) 25.Bxe3 Rxe3 26.Rf1 {The decisive "little tactics". White wins a piece.} 26...Qxe2 27.Qxe2 Rxe2 28.Nd4 1-0